| 000 | 00428nam a2200205Ia 4500 | ||
|---|---|---|---|
| 003 | 0100 | ||
| 008 | 130303s9999 xx 000 0 und d | ||
| 020 | _a465038565 | ||
| 040 | _cARRUPELIB | ||
| 050 | _aJC71.P26331980 | ||
| 100 | _aPlato | ||
| 245 | 4 | _aThe laws of Plato | |
| 260 | _aNew York | ||
| 260 | _bBasic Books | ||
| 260 | _C1980 | ||
| 300 | _axiv | ||
| 300 | _b 562p. 24cm | ||
| 700 | _aPlato | ||
| 942 | 0 | 0 | _03 |
| 999 |
_c13577 _d13577 |
||